Planetary Moons of Our Solar System - Statistics

General Stats
  • This quiz has been taken 19 times
  • The average score is 17 of 20
Answer Stats
Hint Answer % Correct
Moon (Luna) Earth
100%
Callisto Jupiter
100%
Ganymede Jupiter
100%
Europa Jupiter
93%
Io Jupiter
93%
Triton Naptune
93%
Charon Pluto
93%
Rhea Saturn
93%
Titan Saturn
93%
Titania Uranus
93%
Enceladus Saturn
86%
Umbriel Uranus
86%
Dione Saturn
79%
Iapetus Saturn
79%
Mimas Saturn
79%
Tethys Saturn
79%
Ariel Uranus
79%
Proteus Naptune
71%
Miranda Uranus
71%
Oberon Uranus
71%
No matching quizzes found
Score Distribution
Percent of People with Each Score
Percentile by Number Answered
Your Score History
You have not taken this quiz